00443 2200145 4500001002100000008004100021035002000062245004000082100001800122260002700140300001700167082001000184650009000194990001300284INLIS000000000000698 ind  a0010-0423000698 aABU NAWAS CUPLIKAN KISAH 1001 MALAM aABU KHALID MA aSURABAYAbAMELIAc2003 a96 hlm.ccm. a398.2 aFOLK LITERATURE, FAIRY TALES, MYTH, MYTHOLOGY/CERITA RAKYAT, DONGENG, MITOS, MITOLOGI a102550-1